Reparaciones históricas (Registro nro. 164593)

Detalles MARC
000 -LEADER
campo de control de longitud fija 00761nam a22002175i 4500
001 - NÚMERO DE CONTROL
campo de control 164593
003 - IDENTIFICADOR DE NÚMERO DE CONTROL
campo de control ES-MaACL
005 - FECHA Y HORA DE LA ÚLTIMA TRANSACCIÓN
campo de control 20250806024742.0
008 - DATOS DE LONGITUD FIJA--INFORMACIÓN GENERAL
campo de control de longitud fija 950206s1894 sp |||| | spa d
040 ## - FUENTE DE CATALOGACIÓN
Centro catalogador/agencia de origen CARM
Lengua de catalogación spa
Centro/agencia transcriptor CCPB | PA2
100 1# - ENTRADA PRINCIPAL--NOMBRE DE PERSONA
Nombre de persona Sánchez Moguel, Antonio,
Fechas asociadas al nombre 1838-1913
9 (RLIN) 102783
245 10 - MENCIÓN DEL TÍTULO
Título Reparaciones históricas
Resto del título : estudios peninsulares, primera serie /
Mención de responsabilidad, etc. Sánchez Moguel.
260 ## - PUBLICACIÓN, DISTRIBUCIÓN, ETC.
Lugar de publicación, distribución, etc. Madrid :
Nombre del editor, distribuidor, etc. [s.n.],
Fecha de publicación, distribución, etc. 1894 (
Fabricante Imp. y litogr. de los Huérfanos)
300 ## - DESCRIPCIÓN FÍSICA
Extensión XVI, 302 p. ;
Dimensiones 19 cm.
597 #1 - NOTA DE DESCRIPCIÓN FÍSICA
NOTA DE DESCRIPCIÓN FÍSICA Antep.
597 #1 - NOTA DE DESCRIPCIÓN FÍSICA
NOTA DE DESCRIPCIÓN FÍSICA Pequeñas viñetas en cabeceras de capítulo.
752 ## - ENTRADA AGREGADA--NOMBRE JERÁRQUICO DEL LUGAR
País o entidad superior España -
Ciudad , Madrid
852 ## - LOCALIZACIÓN
Ubicación ES-MaACL
Número de control de estantería F-10080
Nota libre -- Enc. tela
852 ## - LOCALIZACIÓN
Ubicación ES-MaACL
Número de control de estantería C-4571
Nota libre -- Rust.
Existencias
Estatus retirado Estado de pérdida Estado de daño No para préstamo Colección Biblioteca de origen Biblioteca actual Ubicación en estantería Fecha de adquisición Fuente de adquisición Total de préstamos Signatura topográfica completa Código de barras Visto por última vez Precio de reemplazo Tipo de ítem Koha
        Libros del s. XIX Biblioteca del Ateneo de Madrid Biblioteca del Ateneo de Madrid Sala Palomar 17/01/2008     C-4571 1172535 23/02/2023 23/02/2023 Libro impreso antiguo
        Libros del s. XIX Biblioteca del Ateneo de Madrid Biblioteca del Ateneo de Madrid Sala Pecera Planta 2 17/01/2008     F-10080 1172534 23/02/2023 23/02/2023 Libro impreso antiguo